[Event "Chessable Masters KO 2022"]
[Site "chess24.com INT"]
[Date "2022.05.23"]
[Round "1.11"]
[White "Giri, Anish"]
[Black "Tari, Aryan"]
[Result "1-0"]
[WhiteTitle "GM"]
[BlackTitle "GM"]
[WhiteElo "2761"]
[BlackElo "2654"]
[WhiteFideId "24116068"]
[BlackFideId "1510045"]
[EventDate "2022.05.23"]
[EventType "k.o."]

1. d4 Nf6 2. Nf3 g6 3. Nbd2 d5 4. b3 a5 5. a4 Bg7 6. Bb2 O-O 7. e3 Bf5 8. Be2
Ne4 9. Nxe4 Bxe4 10. O-O c5 11. c3 cxd4 12. exd4 Nc6 13. Ba3 Qc7 14. Bd3 Bxf3
15. Qxf3 Rfd8 16. Rac1 e5 17. dxe5 Nxe5 18. Qg3 Qb6 19. Bb5 Nc6 20. Rfd1 Na7 21.
Be7 Rdc8 22. Rxd5 Nxb5 23. Rxb5 Qe6 24. Bc5 Rc6 25. Qe3 Qd7 26. g3 h5 27. h4
Rac8 28. c4 Kh7 29. Rf1 Rb8 30. Qe7 Rc7 31. Qxd7 Rxd7 32. Rxa5 Bc3 33. Rb5 Re8
34. Be3 Be5 35. Kg2 Bb8 36. Rc1 Re6 37. Rc2 f5 38. Rd2 Rf7 39. Rd8 Be5 40. Rxe5
Rxe5 41. Bd4 1-0

[Event "Chessable Masters KO 2022"]
[Site "chess24.com INT"]
[Date "2022.05.23"]
[Round "1.11"]
[White "Mamedyarov, Shakhriyar"]
[Black "Ding, Liren"]
[Result "0-1"]
[WhiteTitle "GM"]
[BlackTitle "GM"]
[WhiteElo "2759"]
[BlackElo "2806"]
[WhiteFideId "13401319"]
[BlackFideId "8603677"]
[EventDate "2022.05.23"]
[EventType "k.o."]

1. d4 Nf6 2. c4 e6 3. Nf3 d5 4. Nc3 Bb4 5. Qb3 c5 6. dxc5 Nc6 7. Bg5 Qa5 8. Bxf6
dxc4 9. Qxc4 gxf6 10. Rc1 Qxc5 11. Qh4 Ke7 12. g3 Bxc3+ 13. Rxc3 Qb4 14. Qxb4+
Nxb4 15. a3 Nd5 16. Rc2 Bd7 17. Bg2 Nb6 18. Rc7 Rab8 19. Kd2 Nd5 20. Rc5 b6 21.
Rc4 Bb5 22. Rh4 Rhd8 23. Nd4 Be8 24. Rc1 f5 25. Bxd5 Rxd5 26. Ke1 Rc5 27. Nb3
Rb5 28. Rc3 a5 29. e3 Rb7 30. a4 Rd5 31. Rxh7 Bxa4 32. Nd4 Bd7 33. f4 b5 34. b3
b4 35. Rc1 a4 36. bxa4 b3 37. Rb1 b2 38. Rh8 Ra5 39. Rc8 Rxa4 0-1

[Event "Chessable Masters KO 2022"]
[Site "chess24.com INT"]
[Date "2022.05.23"]
[Round "1.11"]
[White "Carlsen, Magnus"]
[Black "Anton Guijarro, David"]
[Result "1-0"]
[WhiteTitle "GM"]
[BlackTitle "GM"]
[WhiteElo "2864"]
[BlackElo "2691"]
[WhiteFideId "1503014"]
[BlackFideId "2285525"]
[EventDate "2022.05.23"]
[EventType "k.o."]

1. c4 e6 2. Nc3 d5 3. d4 Nf6 4. cxd5 exd5 5. Bg5 c6 6. Qc2 h6 7. Bh4 Be7 8. e3
O-O 9. Bd3 Re8 10. Nge2 a5 11. O-O Na6 12. a3 Nc7 13. f3 Ne6 14. a4 b6 15. Rad1
Bb7 16. Kh1 c5 17. Bb5 Rf8 18. dxc5 bxc5 19. Bc4 Nc7 20. Ba2 Re8 21. e4 Ra6 22.
Bxf6 Bxf6 23. Nxd5 Bxd5 24. Bxd5 Nxd5 25. Rxd5 Rd6 26. Rfd1 Bd4 27. Rxd6 Qxd6
28. b3 h5 29. g3 h4 30. Kg2 Qf6 31. Rd3 Rd8 32. Qd2 hxg3 33. hxg3 Qb6 34. Qc2 g6
35. Nc3 Qe6 36. Nb5 Kg7 37. Qc4 Qe5 38. Rd1 g5 39. Nxd4 cxd4 40. Qb5 Kf6 41.
Qb6+ Rd6 42. Qb8 d3 43. Rd2 Kg7 44. Qb5 f6 45. Qxe5 fxe5 46. g4 Kf6 47. Kf2 Ke6
48. Ke3 Rb6 49. Rxd3 Rb8 50. Rd5 Rxb3+ 51. Kf2 Rb2+ 52. Kg3 Ra2 53. Rxa5 Kf6 54.
Ra7 Ra1 55. a5 Ra2 56. a6 Ra1 57. Kf2 Ra3 58. Ra8 Kf7 59. a7 Kg7 60. Ke2 1-0

[Event "Chessable Masters KO 2022"]
[Site "chess24.com INT"]
[Date "2022.05.23"]
[Round "1.12"]
[White "Tari, Aryan"]
[Black "Giri, Anish"]
[Result "0-1"]
[WhiteTitle "GM"]
[BlackTitle "GM"]
[WhiteElo "2654"]
[BlackElo "2761"]
[WhiteFideId "1510045"]
[BlackFideId "24116068"]
[EventDate "2022.05.23"]
[EventType "k.o."]

1. e4 c5 2. Nf3 d6 3. Bb5+ Nd7 4. a4 Nf6 5. Nc3 a6 6. Be2 g6 7. a5 Bg7 8. O-O
O-O 9. d3 b5 10. axb6 Nxb6 11. h3 a5 12. e5 Nfd5 13. Nxd5 Nxd5 14. exd6 exd6 15.
c3 Qb6 16. Nd2 Be6 17. Nc4 Qc7 18. Bf3 Ra6 19. Bd2 Rb8 20. Re1 Ne7 21. Qc1 Nc6
22. Bf4 Ne5 23. Nxe5 dxe5 24. Bh2 a4 25. d4 cxd4 26. cxd4 Qxc1 27. Raxc1 Rxb2
28. d5 Bd7 29. Rc7 Rd6 30. Bxe5 Bxe5 31. Rxe5 a3 32. Ra7 a2 33. Kh2 Bb5 34. Re3
Ra6 35. Rxa6 Bxa6 36. Ra3 Bc4 37. d6 Rd2 38. Ra8+ Kg7 39. Kg3 Rxd6 40. Kf4 Ra6 0-1

[Event "Chessable Masters KO 2022"]
[Site "chess24.com INT"]
[Date "2022.05.23"]
[Round "1.12"]
[White "Ding, Liren"]
[Black "Mamedyarov, Shakhriyar"]
[Result "1-0"]
[WhiteTitle "GM"]
[BlackTitle "GM"]
[WhiteElo "2806"]
[BlackElo "2759"]
[WhiteFideId "8603677"]
[BlackFideId "13401319"]
[EventDate "2022.05.23"]
[EventType "k.o."]

1. d4 Nf6 2. c4 g6 3. Nc3 d5 4. Nf3 Bg7 5. cxd5 Nxd5 6. e4 Nxc3 7. bxc3 c5 8.
Be3 Qa5 9. Qd2 O-O 10. Rc1 Rd8 11. d5 e6 12. Bg5 Re8 13. d6 Nd7 14. Bh6 Bh8 15.
h4 b5 16. h5 Bb7 17. hxg6 hxg6 18. Bd3 b4 19. Qf4 c4 20. Bxc4 Rac8 21. Ng5 Bf6
22. Bb3 bxc3 23. Kf1 Qe5 24. Qxe5 Nxe5 25. Rh3 Red8 26. f4 Ba6+ 27. Ke1 Nd3+ 28.
Rxd3 Bxd3 29. e5 c2 30. Kd2 Bf5 31. g4 Bxg4 32. Ne4 Bh4 33. Bg5 Bxg5 34. fxg5
Bf5 35. Nf6+ Kg7 36. d7 Rc5 37. Rh1 c1=Q+ 38. Rxc1 Rxc1 39. Kxc1 Kf8 40. Kd2 Ke7
41. Kc3 a6 42. Ba4 Bh3 43. Ne4 Bf1 44. Nd6 Bb5 45. Nxb5 axb5 46. Bxb5 Rh8 47. a4
Rh3+ 48. Kb4 Kd8 49. a5 Kc7 50. a6 Rh4+ 51. Kc5 Rh1 52. d8=Q+ Kxd8 53. a7 Ra1
54. Kb6 1-0

[Event "Chessable Masters KO 2022"]
[Site "chess24.com INT"]
[Date "2022.05.23"]
[Round "1.12"]
[White "Anton Guijarro, David"]
[Black "Carlsen, Magnus"]
[Result "1/2-1/2"]
[WhiteTitle "GM"]
[BlackTitle "GM"]
[WhiteElo "2691"]
[BlackElo "2864"]
[WhiteFideId "2285525"]
[BlackFideId "1503014"]
[EventDate "2022.05.23"]
[EventType "k.o."]

1. e4 c5 2. Nf3 e6 3. c3 d5 4. exd5 exd5 5. Bb5+ Nc6 6. O-O Nf6 7. d4 Be7 8.
dxc5 Bxc5 9. Bg5 O-O 10. Bxf6 Qxf6 11. Qxd5 Bb6 12. Na3 Bf5 13. Bxc6 bxc6 14.
Qe5 Qe6 15. Rfe1 Rad8 16. Nc4 Qxc4 17. Qxf5 Rfe8 18. g3 Re2 19. Rxe2 Qxe2 20.
Ng5 h6 21. Qxf7+ Kh8 22. Ne6 Bxf2+ 23. Qxf2 Qxe6 24. b3 Qe5 25. Rc1 a5 26. c4 a4
27. bxa4 Qa5 28. Rc2 Qxa4 29. Kg2 c5 30. h4 Rd4 31. Qe2 Kh7 32. Kh2 Qd7 33. Qf3
Kg8 34. Qe3 Kh7 35. Qe5 Qc6 36. Qf5+ Kh8 37. Rb2 Qa8 38. Qxc5 Rd1 39. Rg2 Qe4
40. Qf8+ Kh7 41. c5 Qb1 42. Rf2 Rh1+ 43. Kg2 Qg1+ 44. Kf3 Qd1+ 45. Kg2 Qg1+ 46.
Kf3 Qd1+ 47. Kg2 Qg1+ 1/2-1/2

[Event "Chessable Masters KO 2022"]
[Site "chess24.com INT"]
[Date "2022.05.23"]
[Round "1.13"]
[White "Giri, Anish"]
[Black "Tari, Aryan"]
[Result "1/2-1/2"]
[WhiteTitle "GM"]
[BlackTitle "GM"]
[WhiteElo "2761"]
[BlackElo "2654"]
[WhiteFideId "24116068"]
[BlackFideId "1510045"]
[EventDate "2022.05.23"]
[EventType "k.o."]

1. d4 Nf6 2. c4 e6 3. Nf3 d5 4. Nc3 a6 5. cxd5 exd5 6. Bg5 Be6 7. e3 Nbd7 8. Bd3
c6 9. h3 Bd6 10. Bf4 Qb8 11. Bxd6 Qxd6 12. O-O O-O 13. Qc2 h6 14. a3 a5 15. Rac1
Rfe8 16. Rfd1 Qe7 17. Re1 Rec8 18. Ne2 c5 19. dxc5 Nxc5 20. Ned4 Bd7 21. Qe2
Nfe4 22. Bb5 a4 23. Bxd7 Qxd7 24. Rc2 Nd6 25. Rec1 Nce4 26. Ne5 Qe8 27. Rxc8
Rxc8 28. Rxc8 Qxc8 29. Nd3 Qc4 30. Qd1 g6 31. Nb4 Nf6 32. Ne2 Nb5 33. Kf1 Kg7
34. Qxa4 d4 35. Qd1 dxe3 36. fxe3 Qe4 37. Qd3 Qe5 38. Nd4 Nd6 39. Nf3 Qg3 40.
Qd4 Ne4 41. Nd3 Qc7 42. Kg1 Ng3 1/2-1/2

[Event "Chessable Masters KO 2022"]
[Site "chess24.com INT"]
[Date "2022.05.23"]
[Round "1.13"]
[White "Mamedyarov, Shakhriyar"]
[Black "Ding, Liren"]
[Result "1-0"]
[WhiteTitle "GM"]
[BlackTitle "GM"]
[WhiteElo "2759"]
[BlackElo "2806"]
[WhiteFideId "13401319"]
[BlackFideId "8603677"]
[EventDate "2022.05.23"]
[EventType "k.o."]

1. d4 Nf6 2. c4 e6 3. Nf3 d5 4. Nc3 c5 5. cxd5 cxd4 6. Qxd4 exd5 7. e4 dxe4 8.
Qxd8+ Kxd8 9. Ng5 Be6 10. Nxe6+ fxe6 11. Bg5 Nc6 12. Bc4 Ke7 13. Nxe4 Kf7 14.
Nd2 h6 15. Bf4 Rd8 16. O-O-O Bd6 17. Be3 Nd5 18. Rhe1 Ne5 19. Bxd5 exd5 20. Kb1
Nc6 21. Nb3 Bb4 22. Re2 Rhe8 23. Rc2 Re4 24. Nd4 Nxd4 25. Rxd4 a5 26. Rxe4 dxe4
27. Rc7+ Kg6 28. Rxb7 Bd2 29. Bc5 Be1 30. Re7 Rd1+ 31. Kc2 Rd5 32. Be3 Rf5 33.
Re6+ Kf7 34. Rxe4 Bxf2 35. Rf4 Rxf4 36. Bxf4 Ke6 37. a4 Kd5 38. Bd2 Bb6 39. Kd3
h5 40. h3 g6 41. b4 axb4 42. Bxb4 Bc7 43. Bd2 Bh2 44. a5 Bc7 45. a6 Kc6 46. Ke4
Bh2 47. Bf4 Bg1 48. Ke5 1-0

[Event "Chessable Masters KO 2022"]
[Site "chess24.com INT"]
[Date "2022.05.23"]
[Round "1.13"]
[White "Carlsen, Magnus"]
[Black "Anton Guijarro, David"]
[Result "1-0"]
[WhiteTitle "GM"]
[BlackTitle "GM"]
[WhiteElo "2864"]
[BlackElo "2691"]
[WhiteFideId "1503014"]
[BlackFideId "2285525"]
[EventDate "2022.05.23"]
[EventType "k.o."]

1. f4 g6 2. e4 d5 3. d3 Bg7 4. Nf3 c5 5. Be2 Nc6 6. O-O e6 7. c3 Nge7 8. Be3 b6
9. Qc2 Ba6 10. a4 Rc8 11. Rd1 O-O 12. Na3 Nd4 13. Bxd4 cxd4 14. c4 Qc7 15. Qd2
dxe4 16. dxe4 Rfd8 17. Bd3 e5 18. Nb5 Qb8 19. Nxe5 Bxe5 20. fxe5 Nc6 21. Nd6 Rc7
22. Qg5 Rcd7 23. b4 Nxe5 24. Qxe5 Rxd6 25. c5 bxc5 26. bxc5 Rc6 27. Qxb8 Rxb8
28. Bxa6 Rxa6 29. Rxd4 Rc6 30. Rc1 Rbc8 31. Rd5 Kf8 32. Kf2 Ke7 33. g4 h6 34. h4
Rb8 35. g5 hxg5 36. hxg5 Ke6 37. Ke3 Rb3+ 38. Kd4 Rb4+ 39. Rc4 Rb1 40. Re5+ Kd7
41. Kd5 Rd1+ 42. Rd4 Rxd4+ 43. Kxd4 Ra6 44. a5 Kd8 45. Kd5 Rxa5 46. Kd6 Rb5 47.
Re7 Rxc5 48. Rxa7 Rc8 49. Rxf7 Ke8 50. Rf6 Ra8 51. Ke5 Ra5+ 52. Kf4 Rb5 53. Rxg6
Kf7 54. Ra6 1-0

[Event "Chessable Masters KO 2022"]
[Site "chess24.com INT"]
[Date "2022.05.23"]
[Round "1.14"]
[White "Ding, Liren"]
[Black "Mamedyarov, Shakhriyar"]
[Result "1/2-1/2"]
[WhiteTitle "GM"]
[BlackTitle "GM"]
[WhiteElo "2806"]
[BlackElo "2759"]
[WhiteFideId "8603677"]
[BlackFideId "13401319"]
[EventDate "2022.05.23"]
[EventType "k.o."]

1. Nf3 Nf6 2. c4 g6 3. Nc3 Bg7 4. e4 e5 5. Nxe5 O-O 6. Nf3 Re8 7. Bd3 b5 8. O-O
bxc4 9. Bxc4 Nxe4 10. Nxe4 d5 11. d3 dxc4 12. dxc4 Qxd1 13. Rxd1 Nc6 14. Nc3 Rb8
15. h3 Ba6 16. Nb5 Re4 17. Be3 Bxb2 18. Rab1 Bf6 19. Nxc7 Rxb1 20. Rxb1 Bxc4 21.
Nd2 Re7 22. Nxc4 Rxc7 23. Nd6 Rd7 24. Ne4 Be5 25. Rc1 Kg7 26. Nf6 Rd3 27. Kf1
Bxf6 28. Rxc6 Ra3 29. Rc2 h5 30. g4 h4 31. Kg2 a6 32. Bc1 Ra4 33. a3 Be5 34. Rc6
f6 35. g5 f5 36. Re6 Bd4 37. Be3 Kf7 38. Rc6 Bxe3 39. fxe3 Rxa3 40. Kf3 a5 41.
Rc7+ Ke6 42. Rc6+ Ke5 43. Rxg6 f4 44. Ra6 Rxe3+ 45. Kg4 Ra3 46. Kxh4 Ke4 47.
Re6+ Kf5 48. Rf6+ Ke5 49. Ra6 Ke4 50. Re6+ Kf5 51. Rf6+ Ke5 52. Ra6 1/2-1/2

[Event "Chessable Masters KO 2022"]
[Site "chess24.com INT"]
[Date "2022.05.24"]
[Round "2.11"]
[White "Giri, Anish"]
[Black "Praggnanandhaa, R"]
[Result "1/2-1/2"]
[WhiteTitle "GM"]
[BlackTitle "GM"]
[WhiteElo "2761"]
[BlackElo "2642"]
[WhiteFideId "24116068"]
[BlackFideId "25059530"]
[EventDate "2022.05.23"]
[EventType "k.o."]

1. e4 e5 2. Nf3 Nc6 3. Bc4 Bc5 4. O-O Nf6 5. d3 d6 6. c3 O-O 7. Re1 h6 8. h3 a6
9. a4 a5 10. Nbd2 Be6 11. b3 Re8 12. Qc2 Ba7 13. Nf1 Nh5 14. Ne3 Bxe3 15. Bxe3
Qf6 16. Qe2 Nf4 17. Bxf4 Qxf4 18. Nd2 Qf6 19. Qf3 Qxf3 20. Nxf3 Nb8 21. Nd2 Nd7
22. b4 Nb6 23. Bxe6 fxe6 24. Nb3 axb4 25. a5 Nc8 26. cxb4 Na7 27. d4 exd4 28.
Nxd4 Nc6 29. Nxc6 bxc6 30. Rec1 Ra6 31. Rc4 Rb8 32. Rac1 c5 33. bxc5 d5 34. exd5
exd5 35. Ra4 Rb5 36. Rd4 c6 37. Rg4 Kh7 38. Re1 Ra7 39. Re6 Rxc5 40. Rd6 Rcxa5
41. Rxc6 R5a6 42. Rc5 Ra5 43. Rc6 R5a6 44. Rc5 Ra5 45. Rc6 1/2-1/2

[Event "Chessable Masters KO 2022"]
[Site "chess24.com INT"]
[Date "2022.05.24"]
[Round "2.11"]
[White "Carlsen, Magnus"]
[Black "Ding, Liren"]
[Result "1/2-1/2"]
[WhiteTitle "GM"]
[BlackTitle "GM"]
[WhiteElo "2864"]
[BlackElo "2806"]
[WhiteFideId "1503014"]
[BlackFideId "8603677"]
[EventDate "2022.05.23"]
[EventType "k.o."]

1. Nf3 d5 2. g3 Nf6 3. Bg2 c5 4. O-O e6 5. d4 cxd4 6. Nxd4 e5 7. Nb3 Be6 8. Nc3
Be7 9. f4 exf4 10. gxf4 g6 11. Nd4 Nc6 12. Nxe6 fxe6 13. Kh1 Kf7 14. e4 dxe4 15.
Nxe4 Nxe4 16. Bxe4 Bf6 17. c3 Qc7 18. Qf3 Ne7 19. Bxb7 Rab8 20. Be4 Nf5 21. Rb1
Rhd8 22. Be3 a5 23. Bg1 Qc4 24. b3 Qxc3 25. Rbc1 Qxf3+ 26. Bxf3 Bd4 27. Rc7+ Kf6
28. Rxh7 Bxg1 29. Kxg1 Rd2 30. Rf2 Rbd8 31. h4 Rxf2 32. Kxf2 Rd2+ 33. Ke1 Rxa2
34. h5 Nd4 35. Bd1 gxh5 36. Rxh5 Ke7 37. Re5 Kd6 38. Re4 Kc5 39. Re5+ Kd6 40.
Re4 Kc5 41. Re5+ Kd6 1/2-1/2

[Event "Chessable Masters KO 2022"]
[Site "chess24.com INT"]
[Date "2022.05.24"]
[Round "2.12"]
[White "Praggnanandhaa, R"]
[Black "Giri, Anish"]
[Result "1-0"]
[WhiteTitle "GM"]
[BlackTitle "GM"]
[WhiteElo "2642"]
[BlackElo "2761"]
[WhiteFideId "25059530"]
[BlackFideId "24116068"]
[EventDate "2022.05.23"]
[EventType "k.o."]

1. d4 Nf6 2. c4 g6 3. Nc3 d5 4. cxd5 Nxd5 5. e4 Nxc3 6. bxc3 Bg7 7. Bc4 c5 8.
Ne2 O-O 9. O-O Nc6 10. Be3 b6 11. h4 e6 12. h5 Qh4 13. Qc1 cxd4 14. cxd4 Qxe4
15. Rd1 Na5 16. Nc3 Qb7 17. Be2 Bd7 18. h6 Bh8 19. Bf3 Bc6 20. d5 exd5 21. Bd4
Rad8 22. Bxh8 Kxh8 23. Nxd5 Bxd5 24. Qd2 Qe7 25. Qc3+ f6 26. Rxd5 Rc8 27. Re1
Qc7 28. Qa3 Nc4 29. Qe7 Ne5 30. Rexe5 fxe5 31. Rd7 Qc1+ 32. Bd1 Qxh6 33. Qxe5+ 1-0

[Event "Chessable Masters KO 2022"]
[Site "chess24.com INT"]
[Date "2022.05.24"]
[Round "2.12"]
[White "Ding, Liren"]
[Black "Carlsen, Magnus"]
[Result "1/2-1/2"]
[WhiteTitle "GM"]
[BlackTitle "GM"]
[WhiteElo "2806"]
[BlackElo "2864"]
[WhiteFideId "8603677"]
[BlackFideId "1503014"]
[EventDate "2022.05.23"]
[EventType "k.o."]

1. d4 Nf6 2. c4 e6 3. Nc3 Bb4 4. e3 O-O 5. Nf3 c5 6. Bd3 d5 7. cxd5 exd5 8. dxc5
Bg4 9. O-O Nbd7 10. Bd2 Rc8 11. Be2 Bxc5 12. Qb3 Bd6 13. Nxd5 Nxd5 14. Qxd5 Ne5
15. Rfd1 Rc2 16. Be1 Rxe2 17. Nxe5 Bxe5 18. Qxe5 Rxe3 19. Qxe3 Bxd1 20. Qxa7 Qd5
21. Bc3 Re8 22. h3 h6 23. Qd4 Qxd4 24. Bxd4 Ba4 25. b3 Bc6 26. a4 Re4 27. Bc5
Re5 28. Be3 Re4 29. Bc5 Re5 30. b4 Rg5 31. g4 f5 32. b5 Bf3 33. Be3 Rg6 34. Kh2
fxg4 35. Kg3 Be2 36. Rc1 gxh3+ 37. Kxh3 Rf6 38. Rc5 Bd3 39. a5 Rf5 40. Rxf5
Bxf5+ 41. Kg3 1/2-1/2

[Event "Chessable Masters KO 2022"]
[Site "chess24.com INT"]
[Date "2022.05.24"]
[Round "2.13"]
[White "Giri, Anish"]
[Black "Praggnanandhaa, R"]
[Result "1/2-1/2"]
[WhiteTitle "GM"]
[BlackTitle "GM"]
[WhiteElo "2761"]
[BlackElo "2642"]
[WhiteFideId "24116068"]
[BlackFideId "25059530"]
[EventDate "2022.05.23"]
[EventType "k.o."]

1. e4 e5 2. Nf3 Nc6 3. Bc4 Bc5 4. O-O Nf6 5. d3 d6 6. c3 O-O 7. Re1 h6 8. Nbd2
a6 9. Nf1 Ba7 10. Ng3 Re8 11. Bd2 Be6 12. Bxe6 Rxe6 13. c4 Qd7 14. b4 Ne7 15. h3
Ng6 16. Nf5 Ne7 17. g4 Nxf5 18. gxf5 Ree8 19. Kh2 Bxf2 20. Re2 Ba7 21. Rg2 Kh7
22. Qe1 Ng8 23. Qg3 f6 24. Qg6+ Kh8 25. Nh4 Bd4 26. Rf1 d5 27. cxd5 c6 28. d6
Rf8 29. Rf3 Rf7 30. Rfg3 Qe8 31. Qh5 Kh7 32. Rg6 Qf8 33. Nf3 c5 34. R2g4 Rd8 35.
Rh4 Kh8 36. Nxd4 cxd4 37. b5 axb5 38. Rg2 Rfd7 39. Bb4 Rc8 40. Rhg4 Rc1 41. Rg6
Rb1 42. a3 Rc1 43. Qe2 Rc6 44. Qb2 Qf7 45. Kg3 Qf8 46. Kh4 Rcxd6 47. Qb3 Ne7 48.
R6g4 Rc6 49. Rxg7 Qxg7 50. Rxg7 Kxg7 51. Qd1 Ng8 52. Kh5 Kh7 53. h4 Rg7 54. Qb1
Rc8 55. Qb3 Rcc7 56. Qe6 Rg3 57. Bd6 Rcg7 58. Bf8 Rc7 59. Qb3 Kh8 60. Qxb5 Rc8
61. Bd6 Rg7 62. a4 Rc1 63. Bf8 Rcc7 64. Bxg7+ Rxg7 65. a5 Kh7 66. Qb6 Kh8 67.
Qe6 Kh7 68. Qd6 Kh8 69. Qb6 Kh7 70. Qb3 Kh8 71. Qe6 Kh7 72. Qe8 Kh8 73. Qf8 Kh7
74. Qe8 Kh8 75. Qf8 Kh7 76. Qe8 1/2-1/2

[Event "Chessable Masters KO 2022"]
[Site "chess24.com INT"]
[Date "2022.05.24"]
[Round "2.13"]
[White "Carlsen, Magnus"]
[Black "Ding, Liren"]
[Result "1/2-1/2"]
[WhiteTitle "GM"]
[BlackTitle "GM"]
[WhiteElo "2864"]
[BlackElo "2806"]
[WhiteFideId "1503014"]
[BlackFideId "8603677"]
[EventDate "2022.05.23"]
[EventType "k.o."]

1. Nf3 d5 2. g3 Nf6 3. Bg2 c5 4. O-O e6 5. d3 Be7 6. e4 O-O 7. a4 Nc6 8. Bf4
dxe4 9. dxe4 Nxe4 10. Ne5 Nxe5 11. Bxe5 Qxd1 12. Rxd1 Bf6 13. Bc7 Bxb2 14. Ra2
Nc3 15. Nxc3 Bxc3 16. a5 a6 17. Ra3 Bf6 18. Bb6 Be7 19. Rc3 e5 20. Re3 f6 21. f4
Bg4 22. Rd2 Rab8 23. fxe5 f5 24. Rc3 f4 25. Bd5+ Kh8 26. Rc4 g5 27. Bc7 Rbc8 28.
Bd6 Bxd6 29. exd6 Bd7 30. gxf4 gxf4 31. Re4 Rf6 32. Bc4 Rd8 33. Re7 Rg6+ 34. Kf2
Bc6 35. Re6 Rxe6 36. Bxe6 Kg7 37. c4 Kf6 38. Bg4 Ke5 39. d7 h5 40. Bf3 Bxf3 41.
Kxf3 Ke6 42. Rd5 Rxd7 43. Rxc5 Rd3+ 44. Kxf4 Rh3 45. Rc7 Rxh2 46. Rxb7 Rh4+ 47.
Kg5 Rxc4 48. Rb6+ Kd7 49. Rxa6 Rc5+ 50. Kh4 Kc7 51. Rh6 Rxa5 52. Rxh5 Rxh5+ 53.
Kxh5 1/2-1/2

[Event "Chessable Masters KO 2022"]
[Site "chess24.com INT"]
[Date "2022.05.24"]
[Round "2.14"]
[White "Praggnanandhaa, R"]
[Black "Giri, Anish"]
[Result "0-1"]
[WhiteTitle "GM"]
[BlackTitle "GM"]
[WhiteElo "2642"]
[BlackElo "2761"]
[WhiteFideId "25059530"]
[BlackFideId "24116068"]
[EventDate "2022.05.23"]
[EventType "k.o."]

1. d4 Nf6 2. c4 g6 3. Nc3 Bg7 4. e4 d6 5. Be2 O-O 6. Be3 c6 7. h3 e5 8. d5 cxd5
9. cxd5 Ne8 10. Nf3 f5 11. O-O f4 12. Bd2 Rf7 13. Rc1 Bf8 14. Nb5 Na6 15. b4 h5
16. Bc3 Rg7 17. Qb3 Qf6 18. Nd2 Bd7 19. a4 Rh7 20. Bb2 g5 21. f3 Be7 22. Nc4 g4
23. fxg4 hxg4 24. Bxg4 Bxg4 25. hxg4 Qh4 26. Qf3 Nf6 27. Nbxd6 Nxg4 28. Qh3 Qg5
29. Qf3 Bxd6 30. Nxd6 Qh5 31. Qh3 Qg6 32. Nf5 Kf7 33. Nh4 Qb6+ 34. Kh1 Rah8 35.
g3 Qf6 36. Kg1 Rxh4 37. gxh4 Rxh4 38. Qf3 Ne3 39. b5 Nb4 40. Rc7+ Kg6 41. Rc8
Qg5+ 42. Kf2 Rh2+ 43. Ke1 Nd3# 0-1

[Event "Chessable Masters KO 2022"]
[Site "chess24.com INT"]
[Date "2022.05.24"]
[Round "2.14"]
[White "Ding, Liren"]
[Black "Carlsen, Magnus"]
[Result "1-0"]
[WhiteTitle "GM"]
[BlackTitle "GM"]
[WhiteElo "2806"]
[BlackElo "2864"]
[WhiteFideId "8603677"]
[BlackFideId "1503014"]
[EventDate "2022.05.23"]
[EventType "k.o."]

1. d4 d5 2. c4 c6 3. Nf3 Nf6 4. e3 Bg4 5. h3 Bxf3 6. Qxf3 e6 7. Nc3 Nbd7 8. Bd3
Bb4 9. O-O O-O 10. Rd1 Re8 11. Qe2 Qe7 12. Bd2 a6 13. Be1 Rad8 14. Rac1 Bd6 15.
c5 Bc7 16. f4 Ba5 17. Nxd5 exd5 18. Bxa5 Rc8 19. Rc3 Nf8 20. Rb3 Ne6 21. Qf3 Qd7
22. Be1 Nd8 23. Rb6 Ne4 24. Bc2 f5 25. Rd3 Nf7 26. Rdb3 Rc7 27. Kf1 Qc8 28. Ke2
Nh8 29. Kd1 Ng6 30. Kc1 Nf8 31. Ba5 Rf7 32. Kb1 h6 33. a3 Nh7 34. Ka2 Nhf6 35.
Be1 g5 36. Bd1 g4 37. hxg4 fxg4 38. Qf1 h5 39. Qh1 Kg7 40. Bh4 Ng8 41. Bc2 Nd2
42. Bg5 Nxb3 43. Rxb3 Nf6 44. Bxf6+ Rxf6 45. Qxh5 Rh8 46. Qe5 Kf7 47. e4 dxe4
48. Bxe4 Re8 49. Qh5+ Ke7 50. d5 Kd8 51. Qg5 Rf8 52. Rd3 Qc7 53. dxc6+ Kc8 54.
Qxg4+ Kb8 55. Rd7 Rxf4 56. Qg7 1-0

[Event "Chessable Masters KO 2022"]
[Site "chess24.com INT"]
[Date "2022.05.24"]
[Round "2.21"]
[White "Giri, Anish"]
[Black "Praggnanandhaa, R"]
[Result "0-1"]
[WhiteTitle "GM"]
[BlackTitle "GM"]
[WhiteElo "2761"]
[BlackElo "2642"]
[WhiteFideId "24116068"]
[BlackFideId "25059530"]
[EventDate "2022.05.23"]
[EventType "k.o."]

1. e4 e5 2. Nf3 Nc6 3. Bc4 Bc5 4. O-O Nf6 5. d3 d6 6. c3 O-O 7. Re1 a6 8. h3 h6
9. a4 a5 10. Bb5 Ba7 11. Nbd2 Bd7 12. Nf1 Ne7 13. Ng3 c6 14. Bc4 Ng6 15. d4 exd4
16. cxd4 d5 17. exd5 Nxd5 18. Bd2 Be6 19. Qc2 Re8 20. Re4 Bb8 21. Rae1 Bxg3 22.
fxg3 Nf8 23. Re5 Nf6 24. b3 Bd5 25. Rxe8 Nxe8 26. Ne5 Nd6 27. Kh2 Ne6 28. Be3
Qe7 29. Rf1 Re8 30. Qc1 f6 31. Ng6 Qf7 32. Qc2 Be4 33. Ne5 Bxc2 0-1

[Event "Chessable Masters KO 2022"]
[Site "chess24.com INT"]
[Date "2022.05.24"]
[Round "2.22"]
[White "Praggnanandhaa, R"]
[Black "Giri, Anish"]
[Result "1/2-1/2"]
[WhiteTitle "GM"]
[BlackTitle "GM"]
[WhiteElo "2642"]
[BlackElo "2761"]
[WhiteFideId "25059530"]
[BlackFideId "24116068"]
[EventDate "2022.05.23"]
[EventType "k.o."]

1. Nf3 Nf6 2. g3 g6 3. b3 Bg7 4. Bb2 O-O 5. Bg2 d6 6. d4 Nbd7 7. O-O a5 8. Nc3
Re8 9. e4 e5 10. dxe5 dxe5 11. Nd2 Nb6 12. a4 Bg4 13. Qe1 c6 14. h3 Be6 15. Rd1
Qc7 16. Qe3 h6 17. Nf3 Nbd7 18. Ba3 Qc8 19. Bd6 Kh7 20. Kh2 Bg4 21. Rd3 Bf8 22.
Rfd1 Kg7 23. Kg1 Bxf3 24. Bxf3 Bxd6 25. Rxd6 Qc7 26. h4 Nf8 27. Ne2 Rad8 28.
R6d2 Ne6 29. Qc3 Rxd2 30. Rxd2 Qb6 31. Bg2 Nc5 32. Qc4 Ng4 33. Nc1 Ne6 34. Bh3
Rd8 35. Nd3 Rd4 36. Qc3 h5 37. Bxg4 hxg4 38. Nxe5 Rxd2 39. Qxd2 Qd4 40. Qxd4
Nxd4 41. Nc4 Nxc2 42. Nxa5 Nd4 43. Nxb7 Nxb3 44. a5 Nd4 1/2-1/2